000 00272nam a2200097Ia 4500
008 220204s9999 xx 000 0 und d
082 _a631.8:31
_bFER
245 0 _aFertilizer statistics 2003-04
260 _aNew Delhi
_bThe Fertilizer Association of India
_c2004
942 _cBK
999 _c44123
_d44123